000 00304nam a22001337a 4500
008 171123b xxu||||| |||| 00| 0 eng d
020 _a9780070039629
041 _aeng
080 _a62
100 _a26
101 _aMEK
245 _aELECTRONIC MEASUREMENTS & TESTING
_cBARTLETT,E.R
942 _2udc
_cBK
999 _c38351
_d38351